[Event "Sicilian; choose your variation ~ 1500 and up"]
[Site "SchemingMind.com"]
[Date "2009.07.10"]
[Round "-"]
[White "Sir_Grantis1"]
[Black "cnbcad"]
[Result "0-1"]
[WhiteCountry "USA"]
[BlackCountry "USA"]
[WhiteElo "1459"]
[WhiteRD "112"]
[BlackElo "1553"]
[BlackRD "60"]
[GameID "211959"]

1. e4 c5 2. Nf3 g6 3. c4 Nc6 4. Nc3 Bg7 5. a3 Nd4 6. d3 d6 7. h3 e5 8. Be2 Nf6 9. Bg5 Nxf3+ 10. Bxf3 O-O
11. O-O Qb6 12. Bxf6 Bxf6 13. Nd5 Qd8 14. b4 b6 15. a4 cxb4 16. Nxb4 Bb7 17. a5 bxa5 18. Nd5 Bxd5 19. exd5 e4 20. Bxe4 Bxa1
21. Qxa1 f5 22. Bf3 Rb8 23. Bd1 Rb4 24. Bc2 Qb6 25. Re1 Rb2 26. Ba4 Qxf2+
0-1

[Event "Sicilian; choose your variation ~ 1500 and up"]
[Site "SchemingMind.com"]
[Date "2009.07.10"]
[Round "-"]
[White "cnbcad"]
[Black "Sir_Grantis1"]
[Result "1-0"]
[WhiteCountry "USA"]
[BlackCountry "USA"]
[WhiteElo "1553"]
[WhiteRD "60"]
[BlackElo "1459"]
[BlackRD "112"]
[GameID "211960"]

1. e4 c5 2. Nc3 e6 3. f4 g6 4. Nf3 Bg7 5. Bb5 a6 6. Be2 d6 7. O-O Ne7 8. d3 O-O 9. Qe1 Nbc6 10. Bd2 b5
11. Rb1 Nd4 12. Qf2 Nec6 13. Rbc1 b4 14. Nd1 Nxe2+ 15. Qxe2 Bxb2 16. Nxb2
1-0

[Event "Sicilian; choose your variation ~ 1500 and up"]
[Site "SchemingMind.com"]
[Date "2009.07.10"]
[Round "-"]
[White "skeeter"]
[Black "cnbcad"]
[Result "1-0"]
[WhiteCountry "NZL"]
[BlackCountry "USA"]
[WhiteElo "2032"]
[WhiteRD "110"]
[BlackElo "1553"]
[BlackRD "60"]
[GameID "212032"]

1. e4 c5 2. Nf3 g6 3. d4 cxd4 4. Nxd4 Bg7 5. Nc3 Nc6 6. Be3 e5 7. Ndb5 d5 8. Nxd5 Nge7 9. Ndc7+ Kf8 10. Qxd8+ Nxd8
11. Nxa8 a6 12. Nd6 Be6 13. Bc5 Bf6 14. Nc7 b5 15. Nxa6 Kg7 16. Bxb5 Ndc6 17. Nc7 Rb8 18. Nde8+ Kh8 19. Nxf6
1-0

[Event "Sicilian; choose your variation ~ 1500 and up"]
[Site "SchemingMind.com"]
[Date "2009.07.10"]
[Round "-"]
[White "skeeter"]
[Black "Sir_Grantis1"]
[Result "1-0"]
[WhiteCountry "NZL"]
[BlackCountry "USA"]
[WhiteElo "2004"]
[WhiteRD "114"]
[BlackElo "1546"]
[BlackRD "177"]
[GameID "212033"]

1. e4 c5 2. Nf3 e6 3. d4 cxd4 4. Nxd4 a6 5. Bd3 Qc7 6. O-O b5 7. Be3 Bb7 8. Nd2 d5 9. exd5 Bxd5 10. c4 bxc4
11. Bxc4 Nf6 12. Rc1 Qb7 13. Bxd5 Nxd5 14. Qg4 Nd7 15. Nc4 N7f6 16. Qg3 Qc7 17. Qxc7 Nxc7 18. Nb6 Ra7 19. Nc6 Rb7 20. Na5 Ra7
21. Rfd1 Be7 22. Nc8
1-0

[Event "Sicilian; choose your variation ~ 1500 and up"]
[Site "SchemingMind.com"]
[Date "2009.07.11"]
[Round "-"]
[White "cnbcad"]
[Black "skeeter"]
[Result "0-1"]
[WhiteCountry "USA"]
[BlackCountry "NZL"]
[WhiteElo "1545"]
[WhiteRD "63"]
[BlackElo "2103"]
[BlackRD "99"]
[GameID "212034"]

1. e4 c5 2. Nc3 Nc6 3. f4 g6 4. Nf3 Bg7 5. Bb5 Nd4 6. O-O Nxb5 7. Nxb5 d5 8. exd5 a6 9. Nc3 Nf6 10. d4 Nxd5
11. dxc5 Nxc3 12. Qxd8+ Kxd8 13. bxc3 Bxc3 14. Rb1 Kc7 15. Rb3 Bf6 16. Bd2 a5 17. a4 Be6 18. Rb6 Bd7 19. Ne5 Bxa4 20. Ra1 Bxe5
21. fxe5 Rhd8 22. Rxa4 Rxd2 23. Ra2 Re2 24. Rab2 Ra7 25. Kf1 Rxe5 26. R6b5 a4 27. Ra2 Re4 28. Kf2 Rc4 29. Ke3 Kc6 30. Rb6+ Kd5
31. c3 Rxc3+ 32. Kf4 f6 33. Rab2 a3 34. R2b5 Ra4+ 35. Rb4 Rxb4+ 36. Rxb4 a2 37. Ra4 h5 38. Rxa2 e5#
0-1

[Event "Sicilian; choose your variation ~ 1500 and up"]
[Site "SchemingMind.com"]
[Date "2009.07.11"]
[Round "-"]
[White "Sir_Grantis1"]
[Black "skeeter"]
[Result "0-1"]
[WhiteCountry "USA"]
[BlackCountry "NZL"]
[WhiteElo "1459"]
[WhiteRD "112"]
[BlackElo "2032"]
[BlackRD "110"]
[GameID "212035"]

1. e4 c5 2. Nf3 d6 3. d4 cxd4 4. Nxd4 Nf6 5. f3 Nc6 6. c4 Nxd4 7. Qxd4 g6 8. b3 Bg7 9. Bb2 O-O 10. f4 e5
11. fxe5 Ng4 12. Qd2 dxe5 13. Be2 Qh4+ 14. g3 Qf6 15. Bxg4 Bxg4 16. Nc3 Rad8 17. Nd5 Qf3 18. Rf1 Qxe4+ 19. Qe3 Qg2 20. Qf2 Qxf2+
21. Rxf2 Rfe8 22. Kf1 Re6 23. Re1 Bh3+ 24. Kg1 Rd7 25. Rfe2 Bg4 26. Re3 f6 27. Kg2 Rc6 28. h3 Be6 29. Nc3 h5 30. Bc1 a6
31. R3e2 b5 32. Nd5 bxc4 33. bxc4 Rf7 34. Bb2 Rxc4 35. Nf4 Bf5 36. Nd5 h4 37. g4 Be6 38. Nc3 f5 39. gxf5 gxf5 40. Nd1 f4
41. Kh2 f3 42. Rf2 e4 43. Ne3 Ra4 44. Bxg7 Rxg7 45. Rd1 Rg3
0-1

[Event "Sicilian; choose your variation ~ 1500 and up"]
[Site "SchemingMind.com"]
[Date "2009.07.11"]
[Round "-"]
[White "Brian Acebo"]
[Black "cnbcad"]
[Result "1-0"]
[WhiteCountry "USA"]
[BlackCountry "USA"]
[WhiteElo "1588"]
[WhiteRD "68"]
[BlackElo "1411"]
[BlackRD "55"]
[GameID "212080"]

1. e4 c5 2. Nf3 Nc6 3. d4 e6 4. Nc3 cxd4 5. Nxd4 Bb4 6. Nxc6 Bxc3+ 7. bxc3 bxc6 8. Rb1 Qa5 9. Qd2 Qxa2 10. Rb2 Qa4
11. Bd3 Nf6 12. Rb4 Qa5 13. O-O O-O 14. Re1 Qc7 15. h3 a5 16. Ra4 d5 17. exd5 cxd5 18. c4 Qc6 19. Rxa5 Rxa5 20. Qxa5 dxc4
21. Be2 Bb7 22. Bf3 Qd7 23. Bxb7 Qxb7 24. Bg5 Nd5 25. Qd2 c3 26. Qd3 h6 27. Bh4 Nf4 28. Qg3 Nh5 29. Qxc3 Nf4 30. f3 Qb5
31. Qd2 Qb6+ 32. Bf2 Qb5 33. Qxf4 Qc6 34. c4 f5 35. Qe5 Rf6 36. c5 Rg6 37. Kh1 Kh7 38. Qd6 Qb5 39. Kh2 Qb2 40. Kg1 Qa3
41. Rxe6 Qc1+ 42. Kh2 Rxe6 43. Qxe6 f4 44. c6 Qd2 45. Qf5+
1-0

[Event "Sicilian; choose your variation ~ 1500 and up"]
[Site "SchemingMind.com"]
[Date "2009.07.11"]
[Round "-"]
[White "Brian Acebo"]
[Black "skeeter"]
[Result "0-1"]
[WhiteCountry "USA"]
[BlackCountry "NZL"]
[WhiteElo "1602"]
[WhiteRD "66"]
[BlackElo "2032"]
[BlackRD "110"]
[GameID "212081"]

1. e4 c5 2. Nf3 d6 3. d4 cxd4 4. Nxd4 Nf6 5. Nc3 a6 6. Be3 e5 7. Nde2 Nc6 8. g3 Be7 9. Bg2 O-O 10. O-O Ng4
11. Bd2 f5 12. h3 Nf6 13. exf5 Bxf5 14. g4 Be6 15. Ne4 Nxe4 16. Bxe4 d5 17. Bg2 Bc5 18. a3 Qh4 19. Be1 e4 20. b4 Bb6
21. Ng3 Qxg3 22. Qd2 Qe5 23. Rb1 Rf3
0-1

[Event "Sicilian; choose your variation ~ 1500 and up"]
[Site "SchemingMind.com"]
[Date "2009.07.11"]
[Round "-"]
[White "Brian Acebo"]
[Black "Sir_Grantis1"]
[Result "1/2-1/2"]
[WhiteCountry "USA"]
[BlackCountry "USA"]
[WhiteElo "1588"]
[WhiteRD "68"]
[BlackElo "1647"]
[BlackRD "91"]
[GameID "212082"]

1. e4 c5 2. Nf3 e6 3. d4 cxd4 4. Nxd4 a6 5. Nc3 Qc7 6. Bd3 b5 7. O-O Nf6 8. Re1 Nc6 9. Nf3 Bb7 10. a3 Be7
11. b4 O-O 12. Ne2 d5 13. exd5 Nxd5 14. c4 bxc4 15. Bxc4 Na7 16. Bb3 Bf6 17. Rb1 Rfd8 18. Bb2 Nc3 19. Qc2 Ncb5 20. Qxc7 Nxc7
21. Bxf6 gxf6 22. Nfd4 Nc6 23. Nxc6 Bxc6 24. Ng3 Nb5 25. a4 Nc3 26. Rbc1 Rd3 27. Bc4 Rxg3 28. hxg3 Nd5 29. Bxd5 Bxd5 30. Rc3 Rb8
31. Rb1 Rb7 32. b5 axb5 33. axb5 Rb6 34. Rb4 f5 35. f3 Kg7 36. g4 Kf6 37. Kf2 h6 38. Ke3 fxg4 39. Rxg4 Rxb5 40. Rd3 h5
41. Rf4+ Kg6 42. Rh4 Ba2 43. g4 hxg4 44. Rxg4+ Kf6 45. Rf4+ Kg6 46. Rd7 e5 47. Rfxf7 Bxf7 48. f4 exf4+ 49. Kxf4 Be6 50. Rd4 Rf5+=
1/2-1/2

[Event "Sicilian; choose your variation ~ 1500 and up"]
[Site "SchemingMind.com"]
[Date "2009.07.14"]
[Round "-"]
[White "cnbcad"]
[Black "Brian Acebo"]
[Result "1-0"]
[WhiteCountry "USA"]
[BlackCountry "USA"]
[WhiteElo "1554"]
[WhiteRD "64"]
[BlackElo "1581"]
[BlackRD "64"]
[GameID "212083"]

1. e4 c5 2. Nc3 Nc6 3. f4 g6 4. Nf3 d6 5. Bb5 Bd7 6. Bxc6 Bxc6 7. O-O Bg7 8. d3 e6 9. Qe1 Ne7 10. Bd2 O-O
11. Rb1 b5 12. f5 exf5 13. Qh4 b4 14. Bh6 fxe4 15. Ng5 Nf5 16. Rxf5 gxf5 17. Bxg7 Kxg7 18. Qxh7+ Kf6 19. h4 Ke7 20. Ne2 Bd7
21. dxe4 fxe4 22. Qxe4+ Be6 23. Nf4 Qd7 24. Nd5+ Kd8 25. Nb6 axb6 26. Qxa8+ Ke7 27. Qe4 Kd8 28. Rf1 Kc7 29. Nxe6+
1-0

[Event "Sicilian; choose your variation ~ 1500 and up"]
[Site "SchemingMind.com"]
[Date "2009.07.14"]
[Round "-"]
[White "skeeter"]
[Black "Brian Acebo"]
[Result "1-0"]
[WhiteCountry "NZL"]
[BlackCountry "USA"]
[WhiteElo "2103"]
[WhiteRD "99"]
[BlackElo "1620"]
[BlackRD "64"]
[GameID "212084"]

1. e4 c5 2. Nf3 Nc6 3. d4 cxd4 4. Nxd4 Nf6 5. Nc3 a6 6. Be3 e6 7. Bd3 Bb4 8. Nxc6 dxc6 9. O-O O-O 10. e5 Nd7
11. f4 Bxc3 12. bxc3 b5 13. c4 Bb7 14. cxb5 cxb5 15. c4 bxc4 16. Bxc4 Rc8 17. Qe2 Nb6 18. Bxa6 Bxa6 19. Qxa6 Nd5 20. Bd2 Qb6+
21. Qxb6 Nxb6 22. a4 Ra8 23. a5 Nc4 24. Bc3 Ra7 25. a6 Rfa8 26. Rfb1 Rxa6 27. Rxa6
1-0

[Event "Sicilian; choose your variation ~ 1500 and up"]
[Site "SchemingMind.com"]
[Date "2009.07.14"]
[Round "-"]
[White "Sir_Grantis1"]
[Black "Brian Acebo"]
[Result "1-0"]
[WhiteCountry "USA"]
[BlackCountry "USA"]
[WhiteElo "1588"]
[WhiteRD "103"]
[BlackElo "1581"]
[BlackRD "64"]
[GameID "212085"]

1. e4 c5 2. Nf3 d6 3. d4 cxd4 4. Nxd4 Nf6 5. f3 g6 6. c4 Bg7 7. Nc3 O-O 8. Be3 Nbd7 9. Be2 a6 10. Qc2 Rb8
11. g4 e5 12. Nb3 b6 13. h4 Nc5 14. O-O-O Nxb3+ 15. Qxb3 Be6 16. a4 Qc7 17. Kb1 Rfc8 18. Nd5 Nxd5 19. cxd5 Bd7 20. Bxa6 Re8
21. Rc1 Qd8 22. Bb5 Bxb5 23. Qxb5 Rb7 24. Rc6 Bf8 25. g5 Qd7 26. Rxb6 Qxb5 27. Rxb5 Rxb5 28. axb5 Rb8 29. b6 Be7 30. Rc1 Bd8
31. Rc6 Be7 32. Bd2 Kf8 33. Ba5 Ke8 34. Kc2 Kd7 35. Rc7+ Ke8 36. b7 Bd8 37. Rc8 Rxb7 38. Rxd8+ Ke7 39. Rh8 Rb5 40. Bc3 Rc5
41. Rxh7
1-0

[Event "Sicilian; choose your variation ~ 1500 and up"]
[Site "SchemingMind.com"]
[Date "2009.07.19"]
[Round "-"]
[White "Theodoric"]
[Black "cnbcad"]
[Result "1-0"]
[WhiteCountry "ENG"]
[BlackCountry "USA"]
[WhiteElo "1990"]
[WhiteRD "68"]
[BlackElo "1554"]
[BlackRD "64"]
[GameID "212528"]

1. e4 c5 2. c3 e6 3. d4 a6 4. Nf3 cxd4 5. cxd4 b5 6. Bd3 Bb7 7. O-O Nc6 8. Nc3 g6 9. d5 Nb4 10. Re1 Bg7
11. a3 Nxd3 12. Qxd3 e5 13. Be3 Nf6 14. Nxe5 O-O 15. Nf3 Re8 16. e5 Ng4 17. Bf4 Qb6 18. Bg3 Rac8 19. h3 Nh6 20. Rad1 Nf5
21. Bf4 Ne7 22. Re2 Nf5 23. Rde1 Rc4 24. Ne4 Nd4 25. Nxd4 Rxd4 26. Nf6+
1-0

[Event "Sicilian; choose your variation ~ 1500 and up"]
[Site "SchemingMind.com"]
[Date "2009.07.19"]
[Round "-"]
[White "Theodoric"]
[Black "Brian Acebo"]
[Result "1-0"]
[WhiteCountry "ENG"]
[BlackCountry "USA"]
[WhiteElo "1967"]
[WhiteRD "68"]
[BlackElo "1602"]
[BlackRD "66"]
[GameID "212529"]

1. e4 c5 2. c3 d6 3. d4 cxd4 4. cxd4 Nf6 5. Nc3 a6 6. Bg5 Nbd7 7. Rc1 h6 8. Bxf6 Nxf6 9. e5 dxe5 10. dxe5 Nh7
11. Nd5 f6 12. Nc7+ Qxc7 13. Rxc7
1-0

[Event "Sicilian; choose your variation ~ 1500 and up"]
[Site "SchemingMind.com"]
[Date "2009.07.19"]
[Round "-"]
[White "Theodoric"]
[Black "skeeter"]
[Result "0-1"]
[WhiteCountry "ENG"]
[BlackCountry "NZL"]
[WhiteElo "1990"]
[WhiteRD "68"]
[BlackElo "2113"]
[BlackRD "93"]
[GameID "212530"]

1. e4 c5 2. c3 d5 3. exd5 Qxd5 4. d4 e6 5. Nf3 Nf6 6. Be2 Nc6 7. O-O Be7 8. Be3 cxd4 9. Nxd4 Nxd4 10. cxd4 O-O
11. Nc3 Qf5 12. Bd3 Qh5 13. Qxh5 Nxh5 14. g4 Nf6 15. h3 Bd7 16. g5 Nd5 17. Nxd5 exd5 18. h4 f6 19. Rac1 Rae8 20. g6 f5
21. gxh7+ Kxh7 22. Kg2 a5 23. Kf3 Bd8 24. Rh1 Re6 25. h5 a4 26. b4 axb3 27. axb3 Rb6 28. Rc3 Rb4 29. Kf4 Bb6 30. Rg1 Rf7
31. Ke5 Ba7 32. Rg5 Kh8 33. Kf4 b5 34. Bxf5 Bxd4 35. Bxd4 Rxd4+ 36. Ke5 Rxf5+ 37. Rxf5 Re4+ 38. Kxd5 Bxf5 39. Rf3 g6 40. hxg6 Bxg6
41. Rg3 Bh7 42. Kc6 Re5 43. Re3 Rxe3 44. fxe3 Bd3 45. e4 Kg7 46. e5 Kg6 47. Kd6 Kf5 48. e6 Kf6 49. e7 Bg6 50. Kd7 Ke5
51. Kc6 Be8+ 52. Kc5 Bd7
0-1

[Event "Sicilian; choose your variation ~ 1500 and up"]
[Site "SchemingMind.com"]
[Date "2009.07.19"]
[Round "-"]
[White "Theodoric"]
[Black "Sir_Grantis1"]
[Result "1-0"]
[WhiteCountry "ENG"]
[BlackCountry "USA"]
[WhiteElo "1992"]
[WhiteRD "69"]
[BlackElo "1509"]
[BlackRD "103"]
[GameID "212531"]

1. e4 c5 2. c3 Nf6 3. e5 Nd5 4. d4 cxd4 5. Bc4 Qc7 6. Qe2 Nb6 7. Bd3 Nc6 8. Nf3 d6 9. exd6 Qxd6 10. O-O Bg4
11. c4 g6 12. Nbd2 Bg7 13. h3 Bxf3 14. Nxf3 O-O 15. Re1 Rfe8 16. b3 e5 17. Qd2 Re7 18. a4 Rae8 19. Ba3 Qd7 20. Bxe7 Qxe7
21. a5 Nd7 22. Be4 Qb4 23. a6 Qxd2 24. Nxd2 Nc5 25. axb7 Nxe4 26. Nxe4 a5 27. f3 Rb8 28. Nd6 Bf8 29. c5 Bxd6 30. cxd6 Rxb7
31. Rac1 Nd8 32. Rxe5 Rd7 33. Rd5 Ne6 34. Kf2 Kg7 35. Ra1 f5 36. Raxa5
1-0

[Event "Sicilian; choose your variation ~ 1500 and up"]
[Site "SchemingMind.com"]
[Date "2009.07.19"]
[Round "-"]
[White "cnbcad"]
[Black "Theodoric"]
[Result "0-1"]
[WhiteCountry "USA"]
[BlackCountry "ENG"]
[WhiteElo "1545"]
[WhiteRD "63"]
[BlackElo "1992"]
[BlackRD "69"]
[GameID "212532"]

1. e4 c5 2. Nc3 Nc6 3. f4 g6 4. Bb5 Bg7 5. Bxc6 dxc6 6. h3 e5 7. Nce2 exf4 8. Nxf4 Qh4+ 9. g3 Qxg3+ 10. Kf1 Qxf4+
11. Nf3 Qf6 12. Ke2 Be6 13. d3 h6 14. c3 O-O-O 15. Kd2 c4 16. d4 Qf4+ 17. Ke1 Qg3+ 18. Ke2 Nf6 19. Be3 Nxe4 20. Qa4 Qg2+
0-1

[Event "Sicilian; choose your variation ~ 1500 and up"]
[Site "SchemingMind.com"]
[Date "2009.07.19"]
[Round "-"]
[White "Brian Acebo"]
[Black "Theodoric"]
[Result "0-1"]
[WhiteCountry "USA"]
[BlackCountry "ENG"]
[WhiteElo "1620"]
[WhiteRD "64"]
[BlackElo "1992"]
[BlackRD "69"]
[GameID "212533"]

1. e4 c5 2. Nf3 e6 3. d4 cxd4 4. Nxd4 Nf6 5. Nc3 d6 6. Bb5+ Bd7 7. Bxd7+ Qxd7 8. O-O Be7 9. Re1 O-O 10. e5 dxe5
11. Rxe5 Rd8 12. Nce2 Nc6 13. Re3 Nxd4 14. Nxd4 Qxd4 15. Rd3 Qe5 16. Rxd8+ Rxd8 17. Qf1 Ng4 18. g3 Bc5 19. c3 Nxf2 20. Bf4 Nd3+
21. Kh1 Qe4+ 22. Qg2 Nf2+ 23. Kg1 Qe2 24. Rb1 Nh3+ 25. Kh1 Rd1+ 26. Rxd1 Qxd1+
0-1

[Event "Sicilian; choose your variation ~ 1500 and up"]
[Site "SchemingMind.com"]
[Date "2009.07.19"]
[Round "-"]
[White "skeeter"]
[Black "Theodoric"]
[Result "1-0"]
[WhiteCountry "NZL"]
[BlackCountry "ENG"]
[WhiteElo "2103"]
[WhiteRD "99"]
[BlackElo "1992"]
[BlackRD "69"]
[GameID "212534"]

1. e4 c5 2. Nf3 e6 3. d4 cxd4 4. Nxd4 a6 5. Bd3 Bc5 6. Nb3 Ba7 7. Qe2 Nf6 8. e5 Nd5 9. Qg4 g6 10. Qg3 Nc6
11. Na3 Bb8 12. Nc4 Ncb4 13. Bh6 Nxd3+ 14. cxd3 f6 15. O-O b6 16. Rfe1 Bb7 17. Rac1 Rg8 18. Qh4 g5 19. Qh5+ Rg6 20. Bg7 Qe7
21. exf6 Nxf6 22. Bxf6 Qxf6 23. d4 Bf4 24. Rc3 Kd8 25. Ne5 Rg7 26. Qe2 Rc8 27. Nc4 g4 28. g3 Bb8 29. a4 Bc7 30. Qc2 Qg6
31. Qc1 Qf5 32. Ne5 Bxe5 33. Rxc8+ Bxc8 34. dxe5 Rf7 35. Qe3 Bb7 36. Qxb6+ Ke8 37. Nd2 h5 38. Nc4 Qf3 39. Nd6+ Kf8 40. Nxb7
1-0

[Event "Sicilian; choose your variation ~ 1500 and up"]
[Site "SchemingMind.com"]
[Date "2009.07.19"]
[Round "-"]
[White "Sir_Grantis1"]
[Black "Theodoric"]
[Result "0-1"]
[WhiteCountry "USA"]
[BlackCountry "ENG"]
[WhiteElo "1459"]
[WhiteRD "112"]
[BlackElo "1967"]
[BlackRD "68"]
[GameID "212535"]

1. e4 c5 2. Nf3 e6 3. b3 b6 4. Bb2 Nc6 5. g3 Bb7 6. Bg2 Qc7 7. O-O O-O-O 8. a4 f6 9. Na3 a6 10. d4 cxd4
11. Nxd4 h5 12. h3 h4 13. g4 Nge7 14. Ne2 d5 15. Qc1 e5 16. exd5 Nxd5 17. c3 Kb8 18. Rd1 Be7 19. Qc2 Na5 20. b4 Nc4
21. a5 Nce3 22. Qg6 Nxg2
0-1

[Event "Sicilian; choose your variation ~ 1500 and up"]
[Site "SchemingMind.com"]
[Date "2009.07.19"]
[Round "-"]
[White "Schaakmaatje"]
[Black "cnbcad"]
[Result "1-0"]
[WhiteCountry "NED"]
[BlackCountry "USA"]
[WhiteElo "1725"]
[WhiteRD "50"]
[BlackElo "1411"]
[BlackRD "55"]
[GameID "212626"]

1. e4 c5 2. Nf3 g6 3. h3 Bg7 4. c3 Nc6 5. d4 cxd4 6. cxd4 d6 7. Bc4 Bd7 8. Be3 Qa5+ 9. Nc3 Qb4 10. Bb3 Nf6
11. O-O O-O 12. Rc1 Qa5 13. Qd2 Qc7 14. Nd5 Qd8 15. Nxf6+ Bxf6 16. Bh6 Bg7 17. Rfe1 e5 18. dxe5 Nxe5 19. Nxe5 dxe5 20. Bxg7 Kxg7
21. Re3 Bc6 22. Qxd8 Raxd8 23. Rc5 Rd2 24. Rc2 Rd4 25. Rce2 Bb5 26. Rc2 Bc6 27. f3 Ba4 28. Bxa4 Rxa4 29. b3 Ra6 30. Rec3 h5
31. Kf2 h4 32. Ke3 Kh6 33. Rc7 b5 34. R7c5 f6 35. Rxb5 g5 36. a4 Rd6 37. Rd2 Rc6 38. Rbd5 Rc3+ 39. R5d3
1-0

[Event "Sicilian; choose your variation ~ 1500 and up"]
[Site "SchemingMind.com"]
[Date "2009.07.19"]
[Round "-"]
[White "Schaakmaatje"]
[Black "Theodoric"]
[Result "0-1"]
[WhiteCountry "NED"]
[BlackCountry "ENG"]
[WhiteElo "1671"]
[WhiteRD "49"]
[BlackElo "1990"]
[BlackRD "68"]
[GameID "212627"]

1. e4 c5 2. Nf3 d6 3. Bb5+ Bd7 4. Bxd7+ Qxd7 5. c4 Nc6 6. O-O Nf6 7. Nc3 e5 8. d3 Be7 9. h3 h6 10. Nh2 Nd4
11. f4 O-O 12. f5 a6 13. Be3 Nc6 14. Nd5 Nxd5 15. cxd5 Nd4 16. Bxd4 cxd4 17. Ng4 Bg5 18. g3 Rfc8 19. h4 Bd8 20. f6 h5
21. Nf2 g6 22. Qf3 Ba5 23. Rac1 Bd2 24. Rc4 b5 25. Rxc8+ Rxc8 26. g4 hxg4 27. Nxg4 Rc2 28. Rb1 Qc8 29. Qh3 Be3+ 30. Nxe3 Qxh3
0-1

[Event "Sicilian; choose your variation ~ 1500 and up"]
[Site "SchemingMind.com"]
[Date "2009.07.19"]
[Round "-"]
[White "Schaakmaatje"]
[Black "Brian Acebo"]
[Result "1-0"]
[WhiteCountry "NED"]
[BlackCountry "USA"]
[WhiteElo "1671"]
[WhiteRD "49"]
[BlackElo "1581"]
[BlackRD "64"]
[GameID "212628"]

1. e4 c5 2. Nf3 d6 3. Bb5+ Bd7 4. Bxd7+ Nxd7 5. c4 g6 6. O-O Bg7 7. d4 cxd4 8. Nxd4 Ngf6 9. Nc3 O-O 10. Be3 Qc7
11. Rc1 e6 12. Ndb5 Qxc4 13. Nxd6 Qc6 14. Ncb5 Qa6 15. Nc7 Qxa2 16. Nxa8 Rxa8 17. Bd4 Qa6 18. Bc3 Rd8 19. e5 Nd5 20. Bd4 Nxe5
21. Ne4 Qa5 22. Bxe5 Ne3 23. Qxd8+ Qxd8 24. Bc7 Qd4 25. Rfe1 Nd5 26. Bb8 a6 27. Rc8+ Bf8 28. Bd6 Qg7 29. Rxf8+
1-0

[Event "Sicilian; choose your variation ~ 1500 and up"]
[Site "SchemingMind.com"]
[Date "2009.07.19"]
[Round "-"]
[White "Schaakmaatje"]
[Black "skeeter"]
[Result "0-1"]
[WhiteCountry "NED"]
[BlackCountry "NZL"]
[WhiteElo "1671"]
[WhiteRD "49"]
[BlackElo "2113"]
[BlackRD "93"]
[GameID "212629"]

1. e4 c5 2. Nf3 Nc6 3. Bb5 e6 4. c4 Nf6 5. Nc3 Be7 6. O-O O-O 7. d4 cxd4 8. Nxd4 Qc7 9. Nf3 a6 10. Ba4 Na5
11. e5 Ne8 12. Bc2 Nxc4 13. Bf4 Nxb2 14. Qd2 Nc4 15. Qd3 g6 16. Ne4 b5 17. Rac1 Ba3 18. Bh6 Bxc1 19. Rxc1 Bb7 20. Bxf8 Kxf8
21. Qd4 Rc8 22. Nfg5 Qxe5 23. Qxd7 Ncd6 24. Nxd6 Nxd6 25. Nxh7+ Kg7
0-1

[Event "Sicilian; choose your variation ~ 1500 and up"]
[Site "SchemingMind.com"]
[Date "2009.07.19"]
[Round "-"]
[White "Schaakmaatje"]
[Black "Sir_Grantis1"]
[Result "1-0"]
[WhiteCountry "NED"]
[BlackCountry "USA"]
[WhiteElo "1674"]
[WhiteRD "50"]
[BlackElo "1509"]
[BlackRD "103"]
[GameID "212630"]

1. e4 c5 2. Nf3 e6 3. d4 cxd4 4. Nxd4 a6 5. c4 Nf6 6. Nc3 Qc7 7. Be3 Bb4 8. Rc1 Nc6 9. f3 O-O 10. Be2 Rd8
11. O-O d5 12. cxd5 exd5 13. Nxd5 Qd7 14. Nxf6+ gxf6 15. Nxc6 bxc6 16. Qxd7
1-0

[Event "Sicilian; choose your variation ~ 1500 and up"]
[Site "SchemingMind.com"]
[Date "2009.07.19"]
[Round "-"]
[White "cnbcad"]
[Black "Schaakmaatje"]
[Result "1-0"]
[WhiteCountry "USA"]
[BlackCountry "NED"]
[WhiteElo "1554"]
[WhiteRD "64"]
[BlackElo "1671"]
[BlackRD "49"]
[GameID "212631"]

1. e4 c5 2. Nc3 Nc6 3. f4 d6 4. Nf3 Bg4 5. Bb5 a6 6. Bxc6+ bxc6 7. O-O Nf6 8. Qe1 Bxf3 9. Rxf3 d5 10. e5 Nd7
11. d3 e6 12. Bd2 Be7 13. Kh1 h5 14. Qf2 g6 15. Na4 Rb8 16. Qe1 Qc8 17. b3 Nb6 18. Nxb6 Rxb6 19. c4 O-O 20. Qe3 Kg7
21. f5
1-0

[Event "Sicilian; choose your variation ~ 1500 and up"]
[Site "SchemingMind.com"]
[Date "2009.07.19"]
[Round "-"]
[White "Theodoric"]
[Black "Schaakmaatje"]
[Result "1-0"]
[WhiteCountry "ENG"]
[BlackCountry "NED"]
[WhiteElo "1990"]
[WhiteRD "68"]
[BlackElo "1671"]
[BlackRD "49"]
[GameID "212632"]

1. e4 c5 2. c3 e5 3. Nf3 d6 4. Bb5+ Nc6 5. d3 a6 6. Bxc6+ bxc6 7. Be3 f5 8. exf5 Bxf5 9. O-O Be7 10. d4 e4
11. Nfd2 cxd4 12. Bxd4 Nf6 13. Na3 O-O 14. f3 d5 15. fxe4 Nxe4 16. Nxe4 Bxe4 17. Rxf8+ Bxf8 18. Qe2 Bd6 19. Nc4 Bf4 20. Qg4 Bh6
21. Ne5 Qe8 22. Rf1 c5 23. Nd7 cxd4 24. Nf6+ Kh8 25. Nxe8 Rxe8 26. Qe6 Bg6 27. Qxe8+
1-0

[Event "Sicilian; choose your variation ~ 1500 and up"]
[Site "SchemingMind.com"]
[Date "2009.07.19"]
[Round "-"]
[White "skeeter"]
[Black "Schaakmaatje"]
[Result "1-0"]
[WhiteCountry "NZL"]
[BlackCountry "NED"]
[WhiteElo "2113"]
[WhiteRD "93"]
[BlackElo "1671"]
[BlackRD "49"]
[GameID "212634"]

1. e4 c5 2. Nf3 d6 3. d4 cxd4 4. Nxd4 a6 5. Nc3 e6 6. Bc4 b5 7. Bb3 Bb7 8. O-O Nc6 9. a4 b4 10. Na2 Nxd4
11. Qxd4 a5 12. c3 d5 13. cxb4 axb4 14. Nxb4 Nf6 15. exd5 Nxd5 16. Nxd5 Bxd5 17. Bxd5 Qxd5 18. Qxd5 exd5 19. Rd1 Rd8 20. a5 Bc5
21. Ra4 O-O 22. b4 Be7 23. b5 Bc5 24. b6 Rfe8 25. Ba3 Bxa3 26. Rxa3 Rd6 27. b7 Rb8 28. a6
1-0

[Event "Sicilian; choose your variation ~ 1500 and up"]
[Site "SchemingMind.com"]
[Date "2009.07.19"]
[Round "-"]
[White "Sir_Grantis1"]
[Black "Schaakmaatje"]
[Result "1-0"]
[WhiteCountry "USA"]
[BlackCountry "NED"]
[WhiteElo "1509"]
[WhiteRD "103"]
[BlackElo "1674"]
[BlackRD "50"]
[GameID "212635"]

1. e4 c5 2. Nf3 d6 3. c4 Nc6 4. d4 cxd4 5. Nxd4 Nf6 6. Nc3 e5 7. Nf3 Bg4 8. Be2 a6 9. Be3 Be7 10. O-O h6
11. h3 Be6 12. Nd5 Nxe4 13. Bb6 Qd7 14. Nc7+
1-0

[Event "Sicilian; choose your variation ~ 1500 and up"]
[Site "SchemingMind.com"]
[Date "2009.07.15"]
[Round "-"]
[White "andy146"]
[Black "cnbcad"]
[Result "1-0"]
[WhiteCountry "POL"]
[BlackCountry "USA"]
[WhiteElo "1816"]
[WhiteRD "73"]
[BlackElo "1554"]
[BlackRD "64"]
[GameID "212682"]

1. e4 c5 2. Nf3 g6 3. d4 cxd4 4. Nxd4 Bg7 5. Nc3 d6 6. Be3 a6 7. Bc4 e5 8. Nf3 b5 9. Bd5 Qc7 10. Bxa8 Nf6
11. Nd5 Nxd5 12. Bxd5 Bg4 13. h3 Bxf3 14. gxf3 O-O 15. h4 Nd7 16. h5 Nf6 17. hxg6 hxg6 18. Qd2 Rc8 19. c3 Nh5 20. Bh6 b4
21. Rxh5 bxc3 22. bxc3 gxh5 23. Rc1 Qe7 24. Ke2 Rc7 25. Rg1 Kh8 26. Bxg7+ Kh7 27. Qh6+
1-0